Scientific-technological change and the role of women in development

Bibliographic Details
Other Authors: D'daofric Flores, Pamela M., Ptafflin, Sheila M.
Format: Book
Published: Boulder, Colorado : Westview Press , 1982
Subjects:

MARC

LEADER 00000cam a2200000 7i4500
001 0000000238
005 20050506.0
020 |a 0865311455 
040 |a INS 
090 0 0 |a HQ1154.   |b S33 1982 
245 1 0 |a Scientific-technological change and the role of women in development   |c edited by Pamela M. D'daofric-Flores 
260 |a Boulder, Colorado :   |b Westview Press ,   |c 1982 
300 |a 206 p. ;   |c 23 cm. 
500 |a Includes index 
650 0 0 |a Underdeveloped areas   |x Women   |x Congresses 
650 0 0 |a Women   |x Social conditions   |x Congresses 
700 1 |a D'daofric Flores, Pamela M. 
700 1 |a Ptafflin, Sheila M. 
999 |a 0000002362   |b BOOK   |c Open Shelf   |e Default branch